[Event "Asian Zonal 3.2 2019"]
[Site "Dhaka"]
[Date "2019.03.20"]
[Round "5.5"]
[White "Mehdi Hasan Parag"]
[Black "Abu Sufian, Shakil"]
[Result "0-1"]
[WhiteElo "2229"]
[BlackElo "2254"]
[Annotator "TA"]
[PlyCount "90"]
[EventDate "2019.03.14"]
[EventType "swiss"]
[EventCountry "BAN"]
[SourceTitle "playchess.com"]
[Source "ChessBase"]
[SourceQuality "1"]

{[%evp 18,90,58,-16,63,54,62,42,67,60,65,22,22,17,18,5,33,12,26,0,0,-80,-81,-88,-78,-90,-80,-92,-90,-87,-74,-95,14,16,13,-100,-28,-31,-31,-28,-18,-44,-42,-54,-54,-62,-74,-162,-178,-387,-283,-264,-180,-208,-227,-318,-319,-291,-300,-363,-364,-350,-340,-396,-397,-395,-379,-365,-374,-439,-444,-1202,-1174,-1215,-1184]} 1. e4 d5 2. exd5 Qxd5 3. Nc3 Qa5 4. d4 Nf6 5. Bd2 c6 6. Bc4 Bf5 7. Nf3 e6 8. Nd5 Qd8 9. Nxf6+ gxf6 10. Qe2 (10. Bb3 $14) 10... Be7 {B01: Scandinavian Defence} (10... Bxc2 $11 11. O-O Be7) (10... Nd7 11. O-O Bg6 12. Rae1 Qc7 13. Nh4 O-O-O 14. g3 Nb6 15. Ba5 Bh6 16. Rb1 Rd7 17. Qf3 Bg7 18. Bb3 Rhd8 19. Nxg6 hxg6 20. c3 f5 21. h4 c5 22. dxc5 {½-½ (22) Vidit,S (2701)-Megaranto,S (2512) Makati 2018}) 11. O-O-O $14 Nd7 12. h3 $146 ({Predecessor:} 12. Kb1 Qc7 13. Nh4 Bg6 14. g3 O-O-O 15. Bf4 {½-½ (15) Todorovic,G (2462)-Savic,M (2526) Pirot 2016}) 12... Nb6 {White is slightly better.} 13. Bb3 Qc7 14. g4 Bg6 15. Bh6 {Strongly threatening h4.} Bf8 16. Bxf8 Qf4+ 17. Kb1 {And now Bc5 would win.} Kxf8 18. Nh4 Rd8 19. Nxg6+ (19. Ng2 $11 {keeps the balance.} Qe4 20. Qf1) 19... hxg6 $17 20. c3 Rh4 21. Rd3 Kg7 22. Rg1 g5 23. Rgg3 Nc8 24. Rde3 Rh6 ({Black should try} 24... Qc7 $17) 25. Re4 $1 $11 {[%cal Re4f4]} Qc7 26. Qd2 {[#]} (26. f4 $1 $11) 26... Ne7 (26... Rdh8 $1 $17 27. Ree3 Ne7) 27. f4 Ng6 {[%cal Rg6f4]} 28. fxg5 fxg5 29. Rf3 Nf4 30. a3 Rdh8 31. Re5 Qd8 32. c4 (32. Rxf4 $17 gxf4 33. Qxf4) 32... Rxh3 $19 33. Ree3 $2 (33. Rxh3 Rxh3 34. Bc2) 33... Rxf3 34. Rxf3 Qf6 35. Bc2 Rd8 36. Qb4 (36. Qa5 {keeps fighting.}) 36... b6 ({Weaker is} 36... Qxd4 37. Qe7 $17) ({Not} 36... Rxd4 37. Qxb7 Rxc4 38. Qxa7 $17) 37. Qa4 Qxd4 38. Qxc6 Qg1+ 39. Ka2 Qxg4 40. Qe4 {[#]} Qf5 $1 41. Qxf5 exf5 42. Bxf5 Kf6 43. Bg4 Kg6 {Black is clearly winning.} 44. b4 (44. Rf1 $142 f5 45. Bf3) 44... f5 45. Bh3 Nxh3 {Accuracy: White = 39%, Black = 55%.} 0-1

[Event "Asian Zonal 3.2 2019"]
[Site "Dhaka"]
[Date "2019.03.20"]
[Round "5.6"]
[White "Md., Sharif Hossain"]
[Black "Thilakarathne, G M H"]
[Result "0-1"]
[WhiteElo "2124"]
[BlackElo "2417"]
[Annotator "TA"]
[PlyCount "79"]
[EventDate "2019.03.14"]
[EventType "swiss"]
[EventCountry "BAN"]
[SourceTitle "playchess.com"]
[Source "ChessBase"]
[SourceQuality "1"]

{[%evp 13,79,-25,21,0,25,0,0,0,0,0,0,-110,-108,-365,-359,-533,-523,-529,-516,-778,-767,-708,-606,-612,-583,-578,-570,-898,-895,-1130,-871,-1988,-558,-556,-556,-553,-543,-605,-589,-582,-580,-615,-611,-656,-559,-771,-759,-753,-749,-892,-663,-654,-650,-1151,-912,-1860,-1709,-2657,-2413,-1982,-809,-2281,-2317,-4782,-2557,-5570,-1061,-29990]} 1. e4 c5 2. Nf3 d6 3. d4 cxd4 4. Nxd4 Nf6 5. Nc3 a6 6. Bg5 Nbd7 7. f4 Qc7 8. Qf3 {B94: Sicilian Najdorf: 6 Bg5 Nbd7} b5 9. Nd5 (9. O-O-O Bb7 10. g4 g6 11. Bxf6 Nxf6 12. g5 Nd7 13. Nd5 Bxd5 14. exd5 Bg7 15. Nc6 Nb8 {½-½ (40) Fier,A (2570)-Banikas,H (2591) Rio Achaea 2018}) 9... Nxd5 10. exd5 {The position is equal.} Bb7 11. O-O-O $1 Nb6 $146 ({Predecessor:} 11... Rc8 12. Bd3 Nb6 13. Be4 Qc4 14. Nb3 Bxd5 15. Rd4 Bxe4 16. Qxe4 {0-1 (41) Nowicki,B (2256)-Jarmula,L (2296) Maslow Pierwszy 2014}) 12. Nf5 (12. Bd3 $11) 12... g6 13. Nxe7 $2 {[%mdl 8192]} (13. Ne3 $17) 13... Bxe7 $19 14. Bxb5+ (14. Qe4 {is a better defense.} Kd8 15. Bxe7+ Qxe7 16. Qd4) 14... axb5 {Black is clearly winning.} 15. Rhe1 Nc8 16. Rd3 (16. Rxe7+ $142 Nxe7 17. Re1) 16... O-O 17. Rc3 Qd7 18. Rxc8 Rfxc8 19. Rxe7 Qf5 {[%csl Gc8][%cal Rf5c2][%mdl 64] [#] Double Attack} 20. Qe2 Qxd5 21. g4 Qh1+ 22. Kd2 Qg2 23. Qxg2 Bxg2 24. a3 Bh3 25. f5 Bxg4 26. fxg6 hxg6 27. Bf6 Re8 28. Rb7 Rab8 29. Ra7 Re2+ {[%mdl 64] [#] Double Attack} 30. Kd3 Rxh2 31. Ra6 Be2+ 32. Kd4 Bd1 33. Kd5 Rxc2 34. Kxd6 Bf3 35. Bc3 Re2 36. Kc5 Re6 37. Ra7 g5 38. Rd7 g4 39. Rd3 Kh7 {Hoping for ...b4!} 40. Kd4 0-1

[Event "Asian Zonal 3.2 2019"]
[Site "Dhaka"]
[Date "2019.03.20"]
[Round "5.7"]
[White "Hossain, Showkat Pollab"]
[Black "S M Sharon"]
[Result "0-1"]
[WhiteElo "2162"]
[BlackElo "2106"]
[Annotator "TA"]
[PlyCount "134"]
[EventDate "2019.03.14"]
[EventType "swiss"]
[EventCountry "BAN"]
[SourceTitle "playchess.com"]
[Source "ChessBase"]
[SourceQuality "1"]

{[%evp 9,134,16,40,34,46,34,47,47,52,45,51,48,45,45,51,31,38,27,84,87,84,67,182,149,155,146,164,86,106,102,212,213,259,164,178,121,177,164,136,136,258,214,240,231,422,425,477,302,325,45,39,-738,-702,-486,-342,-330,-321,-308,-283,-284,-274,-253,-259,-248,-296,-299,-297,-563,-558,-547,-536,-762,-950,-907,-845,-889,-889,-670,-871,-810,-764,-708,-692,-1079,-1050,-1022,-998,-928,-819,-1086,-1077,-1036,-1035,-901,-803,-848,-744,-631,-587,-2010,-1540,-1658,-1123,-6095,-5613,-9079,-6498,-6505,-4414,-29964,-29959,-29967,-29969,-29963,0,-5982,-6461,-6223,-5597,-29977,-29978,-29982,-29983,-29983,-29984,-29984,-29985]} 1. e4 c5 2. Nf3 d6 3. c3 Nf6 4. Be2 Nc6 5. d4 e6 6. d5 {B50: Sicilian: 2...d6, Miscellaneous} (6. Nbd2 Be7 7. e5 dxe5 8. dxe5 Ng4 9. Qa4 h5 10. h3 Nh6 11. g4 Qc7 12. Qf4 f5 13. Nc4 fxg4 14. hxg4 hxg4 15. Ng5 Bd7 16. Nd6+ Bxd6 17. exd6 e5 18. Rxh6 {1-0 (18) Zontakh,A (2569)-Solovjov,S (2422) St Petersburg 2006}) 6... Ne5 7. dxe6 {Hoping for Nxe5.} Bxe6 8. Ng5 $146 {White is slightly better.} ({Predecessor:} 8. O-O Be7 9. Qc2 Bg4 10. Nxe5 dxe5 11. Bxg4 Nxg4 12. Rd1 Qa5 13. Na3 Rd8 {1-0 (31) Kerkhof,P (2270)-Van Herck,M (2225) Geraardsbergen 1992}) 8... Be7 9. f4 Nc6 10. Nxe6 fxe6 11. Nd2 Qd7 12. Rb1 O-O-O 13. O-O h6 (13... Kb8 $11) 14. b4 $16 cxb4 15. cxb4 g5 (15... Nd4 $14) 16. Bb2 $36 {[%mdl 2048] Black is under strong pressure.} gxf4 17. b5 Ne5 {[#]} 18. Bd4 (18. Rxf4 $6 Kb8 $16) (18. b6 $1 $18 {[%cal Rb6a7]} axb6 19. Qb3) 18... b6 19. a4 {[%cal Ba2a4,Ba4a5][%mdl 32]} Rdg8 (19... Rhe8 $16) 20. a5 $18 ({Resist} 20. Rxf4 $6 Kb8 $16) 20... Bd8 {...Qg7 would now be nice for Black.} 21. Qc2+ Kb8 22. Rxf4 ({White should play} 22. axb6 $18 Bxb6 23. Bxb6 axb6 24. Qa2) 22... Rg6 (22... Qb7 $16) 23. Kh1 Rhg8 24. Bf1 Nh5 (24... Qc7 $16 25. Qa2 Qb7) 25. Rf2 Ng4 26. Rf3 e5 $2 (26... d5 27. Qc6 Qc7) 27. Bg1 Nf4 28. Rc1 {Rc3 is the strong threat.} bxa5 {and if ...Bb6 works, Black does fine.} 29. Rc3 $2 ({White should try} 29. Nc4 $18) 29... Bb6 $14 30. Bc4 $2 {[%mdl 8192]} (30. Bxb6 $14 axb6 31. Nf3) 30... Bxg1 $19 31. Bxg8 Rxg8 32. Kxg1 {And now Nc4 would win.} Ne2+ {[%mdl 64] Double Attack} 33. Kf1 Nxc3 34. Qxc3 Rc8 ({Weaker is} 34... Qxb5+ 35. Ke1 $17) 35. Qxc8+ Qxc8 36. Rxc8+ Kxc8 {[%mdl 4096] Endgame KN-KN} 37. Nc4 {[#]} Kc7 $1 ({Not} 37... Nxh2+ 38. Kf2 $17) 38. Nxa5 $2 (38. h4) 38... Kb6 39. Nc4+ Kc5 40. Na5 Kxb5 41. Nb7 Kc6 42. Na5+ Kb6 43. Nc4+ Kc5 44. Na5 Nxh2+ 45. Ke2 Ng4 46. Kf3 Nf6 47. Ke3 a6 48. Nb7+ Kc6 49. Na5+ Kb6 50. Nc4+ Kc5 51. Na5 Kb4 52. Nc6+ Kc3 53. Na5 Ne8 54. g3 Nc7 55. Kf3 Kb4 56. Nb7 a5 {[%cal Ba6a5,Ba5a4,Ba4a3][%mdl 32]} 57. Ke3 a4 58. Kd3 Nb5 59. g4 a3 60. Kc2 Ka4 61. Nd8 Kb4 $2 (61... Nd4+ {mates} 62. Kc3 Nb3 63. Kd3 a2 64. Kc4 a1=Q 65. Kd5 Qd4+ 66. Ke6 Qxe4 67. Kxd6 Qd3+ 68. Ke7 e4 69. Nc6 e3 70. Ne5 Qe4 71. Kf6 Nc5 72. Ng6 Qxg4 73. Nh4 Qxh4+ 74. Ke5 Kb4 75. Kd6 Qf6+ 76. Kc7 Qe7+ 77. Kc8 Qd7+ 78. Kb8 Qb7#) 62. Nc6+ $2 {[%mdl 8192]} (62. Nb7 $11 Nd4+ 63. Kc1) 62... Kc4 {( -> ...Nd4+)} 63. Kc1 Kd3 64. Ne7 Kc3 {Black mates.} 65. Nd5+ Kb3 66. Ne3 a2 67. Nc2 Nd4 {Accuracy: White = 53%, Black = 67%.} 0-1

[Event "Asian Zonal 3.2 2019"]
[Site "Dhaka"]
[Date "2019.03.20"]
[Round "6.1"]
[White "Rahman, Ziaur"]
[Black "Mohammad Minhaz Uddin"]
[Result "1/2-1/2"]
[WhiteElo "2489"]
[BlackElo "2279"]
[Annotator "TA"]
[PlyCount "156"]
[EventDate "2019.03.14"]
[EventType "swiss"]
[EventCountry "BAN"]
[SourceTitle "playchess.com"]
[Source "ChessBase"]
[SourceQuality "1"]

{[%evp 22,156,43,32,39,20,23,5,28,23,8,14,17,21,23,16,82,82,88,88,88,91,89,95,106,77,97,52,49,52,65,49,82,76,83,66,70,66,67,67,68,67,70,70,82,50,50,30,29,25,27,25,25,0,16,14,16,8,8,0,8,0,0,0,0,-4,-4,-108,0,0,0,0,0,0,0,0,0,0,0,0,16,-12,116,116,150,145,158,130,130,118,164,104,122,122,122,130,130,92,160,153,168,102,106,0,165,123,147,0,156,21,21,0,0,0,0,0,0,0,8,0,0,0,0,0,0,0,0,0,0,0,0,0,0,0,0,0,0]} 1. Nf3 Nf6 2. g3 e6 3. Bg2 d5 4. O-O Be7 5. c4 O-O 6. b3 c5 7. Bb2 Nc6 8. e3 b6 9. Nc3 Bb7 10. cxd5 Nxd5 11. Nxd5 exd5 12. d4 a5 {A14: English Opening: 1...e6 with b3 by White} 13. dxc5 bxc5 {[#]} 14. Re1 $146 ({Predecessor:} 14. Qb1 Qd7 15. Rd1 Qe6 16. Bc3 Rfd8 17. Qb2 f6 18. Rac1 Rd7 19. h4 Rad8 20. Kh2 Qf5 21. Qe2 Rd6 22. Be1 c4 23. Nd4 Nxd4 24. Rxd4 Ba6 25. Bxa5 cxb3 26. Qd2 Rb8 27. axb3 {1-0 (27) Ramirez Alvarez,A (2566)-Ibarra Chami,L (2436) Merida 2017}) 14... Qb6 15. Qxd5 Nd4 $1 16. Qd7 $1 Nxf3+ 17. Bxf3 Bxf3 18. Qxe7 Qh6 (18... Rfe8 $11 19. Qg5 f6) 19. h4 $16 a4 20. Qxc5 Qe6 {( -> ...Qh3)} 21. Qe5 Qxe5 22. Bxe5 Rfe8 23. Bf4 h6 24. bxa4 Rxa4 25. Reb1 Kh7 26. a3 Rea8 27. Bd6 g5 28. Kh2 R8a6 29. Bb4 Kg6 30. Rc1 Kh5 31. Rc4 f5 32. Rac1 Re6 33. Rc5 Kg4 34. Rc8 Rg6 35. Rf1 Be2 36. Re1 Bf3 37. Rf1 Be2 38. Rg1 Raa6 39. Re1 Bf3 40. Rec1 Be4 (40... Ra4 {keeps more tension.}) 41. Rf1 Kf3 42. h5 Rgc6 43. Rg8 Rc2 44. Rg6 (44. Kg1 $1 $11 {remains equal.}) 44... Rcc6 ({Better is} 44... Bd3 $17 45. Rd1 Rxf2+ 46. Kg1 Bb5) 45. Rxc6 Rxc6 $11 {[%mdl 4096] Endgame KRB-KRB} 46. Kg1 Kg4 47. Ra1 Kxh5 48. a4 {[%cal Ba3a4,Ba4a5,Ba5a6,Ba6a7][%mdl 32]} Kg4 49. a5 Bd3 50. Kg2 Be2 51. a6 Bf3+ (51... Bxa6 $11 52. Bf8 Be2) 52. Kf1 $16 h5 53. a7 Rc8 54. Bd6 Ba8 55. Ke1 Rc6 56. Be7 (56. Ra4+ $1 $18 Kf3 57. Be7) 56... Re6 57. Bd8 h4 58. gxh4 gxh4 59. Bc7 h3 (59... Re4 $142 60. Bd6 Rc4) 60. Ke2 {And now Rg1+ would win.} Bf3+ 61. Kd3 (61. Kf1 $18 Ba8 62. Bb8) 61... Be4+ {[#]} 62. Ke2 (62. Kd2 $1 $16 Kf3 63. a8=Q Bxa8 64. Rxa8) 62... Bf3+ $18 63. Kd2 Ba8 64. Bg3 (64. Ke1 $16) 64... Re8 $2 {[#]} ({Black should play} 64... Rh6 $11) 65. Ra4+ (65. Ke2 $1 $16) 65... Kf3 $11 {The position is equal.} 66. Rf4+ Kg2 67. Rxf5 {Black must now prevent Rf7.} h2 {[#]} 68. Bxh2 $1 {[%mdl 512]} Kxh2 {KRB-KR} 69. Rf7 Kg2 70. f4 {Threatens to win with f5.} Kf3 71. f5 {aiming for f6.} Rd8+ 72. Kc3 {Hoping for f6.} Ke4 73. Kb4 Ke5 74. Kc5 Rc8+ 75. Kb6 Rc6+ 76. Ka5 {Threatening Rf8.} Rc5+ 77. Kb4 Rc8 78. Kb5 Bd5 {Accuracy: White = 45%, Black = 63%.} 1/2-1/2

[Event "Asian Zonal 3.2 2019"]
[Site "Dhaka"]
[Date "2019.03.20"]
[Round "6.2"]
[White "Abu Sufian, Shakil"]
[Black "Hossain, Enamul"]
[Result "0-1"]
[WhiteElo "2254"]
[BlackElo "2438"]
[Annotator "TA"]
[PlyCount "114"]
[EventDate "2019.03.14"]
[EventType "swiss"]
[EventCountry "BAN"]
[SourceTitle "playchess.com"]
[Source "ChessBase"]
[SourceQuality "1"]

{[%evp 17,114,19,28,25,19,13,37,19,26,30,51,26,15,13,79,72,71,34,25,10,41,17,26,39,65,64,28,24,38,18,24,12,20,18,12,8,9,12,53,-4,0,-8,0,0,0,0,0,0,0,-25,0,0,0,0,40,34,38,39,51,-62,-71,-85,0,0,-4,-141,-132,-423,-439,-419,-400,-367,-161,-162,-161,-161,0,-150,0,0,0,-143,-136,-141,-143,-1854,-247,-1648,-1561,-2052,-1945,-1448,-1458,-12799,-12799,-29994,-29995,-29995,-29996]} 1. d4 Nf6 2. Bf4 e6 3. e3 b6 4. Nf3 Bb7 5. Bd3 c5 6. c3 Be7 7. h3 O-O 8. O-O d6 9. Nbd2 Nc6 10. Re1 {A47: 1 d4 Nf6 2 Nf3 b6: Torre, London and Colle Systems} (10. Bh2 Re8 11. a3 Bf8 12. Qe2 g6 13. Rfd1 a6 14. e4 d5 15. e5 Nd7 16. Bf4 b5 17. Qe3 Rc8 {0-1 (48) Grachev,B (2645)-Fedoseev,V (2733) Sochi 2017}) 10... h6 11. Bh2 cxd4 $146 ({Predecessor:} 11... Re8 12. Qe2 Bf8 13. Rad1 a6 14. dxc5 bxc5 15. e4 e5 16. Nc4 Qc7 17. Nh4 Ne7 {1-0 (39) Bimpson,T (2066)-Byway,P (2069) Bournemouth 2016}) 12. cxd4 {White is slightly better.} Rc8 13. a3 a6 14. Qe2 b5 15. e4 d5 {[#]} (15... Qb6 $11 {keeps the balance.}) 16. e5 $1 $16 {[%cal Re5f6]} Nd7 17. Rac1 Na5 18. Bb1 Re8 19. Bf4 (19. Rxc8 {is more complex.} Bxc8 20. Bf4 Nc4 21. Nb3 a5 22. Qc2) 19... Rxc1 20. Rxc1 Nc4 21. Nf1 (21. Nxc4 dxc4 22. Nd2 Nb6 $11) 21... Nf8 22. Ng3 Ng6 23. Be3 Qd7 24. Nh5 Rc8 25. Rd1 Bc6 26. Nh2 Nxe3 27. Qxe3 Bf8 28. g4 (28. Qg3 $14) 28... b4 29. axb4 Ba4 30. b3 Bb5 31. g5 hxg5 (31... Bxb4 $2 32. gxh6 Rc3 33. Bd3 $18) 32. Qxg5 {And now Ng4 would win.} Be2 $36 {[%mdl 2048] White is under pressure.} 33. Re1 Bxh5 (33... Be7 $5 34. Nf6+ $8 gxf6 35. exf6 {[#]} Bxf6 $1 {[%mdl 512]} 36. Qxf6 Qe7 37. Qxe7 Nxe7 $15) 34. Qxh5 Bxb4 35. Rd1 Nf8 36. Ng4 {aiming for Kh1.} Bd2 37. Rxd2 {Threatens to win with Nf6+!} Rc1+ {[%mdl 64] Double Attack} 38. Kh2 ({White has to play} 38. Kg2 $14 Rxb1 39. Qg5) 38... Rxb1 $15 39. Rd3 Qc7 ({Black should try} 39... Ng6 $17 {...Qc7 is the strong threat.} 40. Rg3 Rb2) 40. Rg3 {[%csl Ge5][%cal Rg4f6]} Ng6 41. Nh6+ (41. Nf6+ $1 $11 gxf6 42. Rxg6+ fxg6 43. Qxg6+ Kf8 44. Qxb1) 41... Kf8 $17 {Hoping for ...Qc1.} 42. Qf3 $2 {[%mdl 8192]} (42. Nf5 $17 Qc1 43. Rxg6 Qh1+ 44. Kg3 Qg1+ 45. Kh4 Qxf2+ {[%mdl 64] Double Attack} 46. Rg3 Qxf5 47. Qxf5 exf5 48. Kg5) 42... Ke8 $19 ({Not} 42... gxh6 43. Rxg6 Qc1 44. Rg4 $15) 43. Rxg6 fxg6 44. Qg4 gxh6 (44... Kd8 $142 45. Qxe6 gxh6 46. Qxg6 Ra1 47. Qxh6 Kc8 48. Qe6+ Qd7) 45. Qxg6+ Qf7 46. Qxb1 Qxf2+ {[%mdl 4160] Endgame Double Attack. KQ-KQ} 47. Kh1 Qf3+ ({Reject} 47... Qxd4 48. Qg6+ Kd7 49. Qf7+ Kd8 50. Qf8+ Kc7 51. Qd6+ Kb7 52. Qe7+ Kb8 53. Qxe6 $11) (47... Qg3 $17 48. Qh7 Qxh3+ 49. Kg1 Qg4+ 50. Kf1 Qf5+ 51. Qxf5 exf5) 48. Kh2 $1 $11 Qf2+ ({Better is} 48... Kf7 $11) 49. Kh1 $17 Qg3 ({Don't play} 49... Qxd4 $6 50. Qg6+ Kd8 51. Qf6+ Kd7 52. Qf7+ Kc6 53. Qxe6+ Kb7 54. Qd7+ Kb6 55. Qd6+ Kb5 56. Qd7+ Kb6 57. Qd6+ Kb5 58. Qd7+ Kb6 $11) 50. Qf1 Qxb3 51. Qxa6 $2 {[%mdl 8192]} (51. h4 $17) 51... Qxh3+ $19 52. Kg1 Kf7 53. Qb7+ Kg6 54. Qe7 Kf5 55. Qh7+ Kf4 56. Kf2 Qh2+ 57. Kf1 Ke3 {Accuracy: White = 43%, Black = 48%.} 0-1

[Event "Asian Zonal 3.2 2019"]
[Site "Dhaka"]
[Date "2019.03.20"]
[Round "6.3"]
[White "S M Sharon"]
[Black "Mollah Abdullah, Al Rakib"]
[Result "0-1"]
[WhiteElo "2106"]
[BlackElo "2460"]
[Annotator "TA"]
[PlyCount "78"]
[EventDate "2019.03.14"]
[EventType "swiss"]
[EventCountry "BAN"]
[SourceTitle "playchess.com"]
[Source "ChessBase"]
[SourceQuality "1"]

{[%evp 9,78,0,0,0,-3,-13,-10,0,0,-3,34,19,26,16,38,37,35,26,39,-15,21,-13,2,-24,15,-31,28,0,6,4,120,125,135,135,122,120,128,49,36,-10,-13,-10,-7,-10,0,0,0,0,0,0,0,0,0,-47,-45,-81,-50,-83,-63,-100,-103,-135,-114,-364,-356,-332,-316,-601,-560,-687,-660]} 1. e4 e5 2. Nf3 Nc6 3. Nc3 d6 4. g3 (4. Bc4 Be6 5. Bxe6 fxe6 6. d4 exd4 7. Nxd4 Qd7 8. Be3 Nf6 9. O-O Be7 10. h3 O-O 11. Qe2 Nxd4 12. Bxd4 c5 13. Be3 d5 14. exd5 exd5 15. Rad1 d4 16. Bg5 Kh8 17. Bxf6 Rxf6 {1-0 (53) Christiansen,J (2555)-Kazhgaleyev,M (2587) St Petersburg 2018}) 4... g6 5. Bg2 Bg7 6. O-O {C46: 3 Nc3: Unusual Black 3rd moves} Nge7 7. Nd5 O-O 8. Nxe7+ {The position is equal.} Qxe7 9. c3 f5 10. exf5 gxf5 $146 ({Predecessor:} 10... e4 11. Ne1 Bxf5 12. d4 Qd7 13. f3 {0-1 (45) Barcza,G-Tal,M Havana 1963}) 11. d4 Kh8 12. Re1 Qf6 13. dxe5 dxe5 14. Qb3 (14. Nh4 $14) 14... Rb8 15. Qc4 Bd7 16. Bd2 a6 17. Rad1 e4 ({Black should try} 17... Be6 $15 18. Qa4 e4) 18. Nd4 Ne5 19. Qxc7 {And now f4 would win.} Rbc8 (19... Rfc8 $11 {keeps the balance.} 20. Qa5 Nd3 {[%mdl 64] Double Attack}) 20. Qxb7 $16 Rb8 21. Qd5 Rxb2 22. Bf4 Bb5 23. Bxe5 (23. Rb1 $16 Nd3 24. Rxb2 (24. Nxb5 Rxb5 25. Rxb5 axb5 $15) 24... Nxb2 25. Bf1 (25. Nxb5 Nd3 $11)) 23... Qxe5 $14 24. Ne6 Qxd5 25. Rxd5 Bc4 $36 {[%mdl 2048] White is under pressure.} 26. Rd6 Bxe6 27. Rxe6 Bxc3 28. Rd1 Rxa2 29. Bf1 a5 30. Rd7 {[#] Threatens to win with Ree7.} Rd2 31. Rxd2 (31. Rb7 {with more complications.} Rb2 32. Rd7 Rd2) 31... Bxd2 $11 {[%mdl 4096] Endgame KRB-KRB} 32. Ra6 Kg7 33. Bh3 f4 34. gxf4 Rxf4 35. Bg2 Be1 36. Kf1 $2 {[#]} (36. Kh1 $17 {was necessary.}) 36... Bxf2 $19 ({Less strong is} 36... Rxf2+ 37. Kxe1 Rxg2 38. h3 $17) 37. Ke2 Bd4 38. Bh3 $2 (38. Rd6 Bc5 39. Rd2) 38... Rf2+ 39. Ke1 e3 {Accuracy: White = 37%, Black = 43%.} 0-1

[Event "Asian Zonal 3.2 2019"]
[Site "Dhaka"]
[Date "2019.03.20"]
[Round "6.4"]
[White "Thilakarathne, G M H"]
[Black "Rahman, Syed Mahfuzur"]
[Result "1/2-1/2"]
[WhiteElo "2417"]
[BlackElo "2202"]
[Annotator "TA"]
[PlyCount "137"]
[EventDate "2019.03.14"]
[EventType "swiss"]
[EventCountry "BAN"]
[SourceTitle "playchess.com"]
[Source "ChessBase"]
[SourceQuality "1"]

{[%evp 20,137,43,42,55,31,66,46,44,54,101,109,117,106,107,115,126,116,108,98,139,149,140,122,200,195,197,199,262,279,335,164,156,145,147,144,191,191,232,231,251,145,131,78,77,81,64,69,77,24,100,19,18,20,20,16,30,0,4,4,5,7,8,8,8,8,28,29,53,52,52,52,52,52,52,52,52,27,29,36,35,0,0,0,0,0,0,0,0,0,0,0,0,0,0,0,0,0,0,0,0,0,0,0,0,0,0,0,0,0,0,0,0,0,0,0,0,0,0,0]} 1. e4 c5 2. Nf3 d6 3. d4 cxd4 4. Nxd4 Nf6 5. Nc3 a6 6. g3 e5 7. Nde2 Be7 8. Bg2 Nbd7 9. a4 b6 {B91: Sicilian Najdorf: 6 g3} 10. Nd5 Nxd5 11. Qxd5 {LiveBook: 13 Games} Ra7 {White is slightly better.} (11... Rb8 12. Nc3 O-O 13. O-O Bb7 14. Qd1 Rc8 15. Re1 h6 16. Bh3 Rc6 17. Bxh6 gxh6 18. Qg4+ Bg5 19. Qxd7 Qxd7 20. Bxd7 Rc7 21. Bf5 {1-0 (33) Giri,A (2773)-Nepomniachtchi,I (2767) Wijk aan Zee 2017 CBM 177 [Szabo,Kr]}) 12. Nc3 Bb7 $146 ({Predecessor:} 12... Rc7 13. Be3 Bb7 14. Qd2 O-O 15. O-O Qa8 16. Nd5 Bxd5 17. exd5 {½-½ (53) Faibisovich,V (2410)-Justin,M (2330) Pula 1990}) 13. Qd1 (13. Qd3 {feels hotter.} O-O 14. O-O Ra8 15. Rd1 Qc7 16. Be3) 13... O-O 14. O-O f5 15. exf5 Bxg2 16. Kxg2 Rxf5 17. Be3 Ra8 18. Nd5 Rf7 19. Ra3 Nc5 20. Bxc5 bxc5 21. Rf3 Rb8 (21... Rf8 $16) 22. Rxf7 $18 Kxf7 23. b3 Bf8 (23... Kg8 {might work better.} 24. Qd3 a5) 24. Qd3 Qc8 25. f4 (25. Qxh7 $142 Qe6 26. Qe4) 25... Kg8 26. f5 c4 27. bxc4 ({But not} 27. Qxc4 $6 Qxc4 28. bxc4 Rb2 $14) 27... Qe8 28. a5 e4 29. Qd4 Qe5 30. Qxe5 (30. Qa7 $18 Rb2 31. Rf2 (31. Qxa6 Rxc2+ 32. Kh3 e3 $11)) 30... dxe5 {[%mdl 4096] Endgame KRB-KRN} 31. Re1 (31. c3 $142) 31... Rb2 $16 32. Rxe4 Rxc2+ 33. Kf3 Bd6 34. Nb6 ({White should try} 34. h4 $16) 34... Ra2 (34... Rxh2 $11 {remains equal.} 35. Nd7 Rc2) 35. c5 (35. Nc8 $16 Bc7 36. Ne7+ Kf7 37. Nd5) 35... Bxc5 36. Rxe5 Rxa5 37. Nc4 Rb5 38. Ke2 Kf7 39. g4 Be7 40. Re6 a5 41. Ra6 Rc5 42. Kd3 h5 43. Kd4 {[#] Hoping for Ne5+.} hxg4 44. Ne5+ Kg8 45. Ra7 Bd6 46. Ra8+ $1 Kh7 47. Nf7 {[%csl Gf7][%cal Ra8h8] [#]} Rxf5 48. Rh8+ Kg6 49. Nxd6 Rh5 50. Rxh5 (50. Ra8 {is interesting.} Rxh2 51. Rxa5 Rh5 52. Ra2 Rh3 53. Ke4) 50... Kxh5 $14 {KN-K3P. The position is equal.} 51. Ke3 a4 {aiming for ...a3.} 52. Nc4 Kh4 53. Kf4 Kh3 54. Na3 Kxh2 {Strongly threatening ...g3.} 55. Kxg4 $11 {KN-KPP} Kg2 56. Kg5 Kf3 57. Kg6 Ke3 58. Kxg7 {KN-KP} Kd3 59. Kf6 Kc3 60. Ke5 Kb3 61. Nb5 Kc4 62. Na3+ Kb4 63. Nc2+ Kb3 64. Nd4+ Kc4 65. Nc2 Kc3 66. Na3 Kb3 67. Nb5 Kb4 68. Nd4 Kc4 69. Nc2 {Precision: White = 66%, Black = 64%.} 1/2-1/2